| 000 | 01273nam0a2200361 i 4500 | ||
|---|---|---|---|
| 001 | RU\NLR\bibl\1887477 | ||
| 005 | 20241105190126.0 | ||
| 010 |
_a9785818314778 _92500 |
||
| 021 |
_aRU _b2012-19597 _91479 |
||
| 035 | _a(nilc)RU\NLR\bibl\1725872 | ||
| 035 | _a(NLR Aleph) 001877201 | ||
| 090 |
_a2741293 _c2741293 |
||
| 100 | _a20110120d2012 u y0rusy50 ca | ||
| 101 | 1 |
_arus _ceng |
|
| 102 |
_aRU _aGB |
||
| 105 | _aa ||||||||| | ||
| 200 | 1 |
_aДубай _eпутеводитель _fДиана Дарк _g[пер. с англ. М. Котельниковой] |
|
| 210 |
_aМосква _cФаир _a[Лондон] _cThomas Cook publishing _d2012 |
||
| 215 |
_a176 с. _cцв. ил., карт. _d20 |
||
| 225 | 1 | _aThomas Cook | |
| 225 | 1 | _aПутеводители Томаса Кука | |
| 300 | _aНа обл. авт. не указан | ||
| 320 | _aУказ.: с. 173-175 | ||
| 607 |
_aДубай, эмират (ОАЭ) _jПутеводители _92271772 _3RU\NLR\auth\661361587 |
||
| 686 |
_aД890(53ОАЭ)я23 _2rubbk |
||
| 686 | _aД890(53ОАЭ)я23 | ||
| 700 | 1 |
_aДарк _bД. _gДиана _4070 |
|
| 801 | 0 |
_aRU _bNLR _c20110120 _gRCR |
|
| 801 | 1 |
_aRU _bNLR _c20110120 |
|
| 801 | 2 |
_aRU _bNLR _c20120404 _grcr |
|
| 942 | _cBOOK | ||
| 980 | _aNBR | ||